| 000 | 00000nam##2200000za#4500 |
| 001 | 9.575054 |
| 003 | CaOODSP |
| 005 | 20210624184459 |
| 007 | cr ||||||||||| |
| 008 | 150406|2004||||xxc|||||o f|0| 0 eng|d |
| 022 | |a1488-5379 |
| 040 | |aCaOODSP|beng |
| 043 | |an-cn--- |
| 086 | 1 |aFs97-6/2528E-PDF |
| 110 | 1 |aCanada. |bDepartment of Fisheries and Oceans. |
| 245 | 10|aNorthern pike (Esox lucius) habitat enhancement in the Northwest Territories / |h[electronic resource]|cby Peter A. Cott. |
| 260 | |aYellowknife - Northwest Territories : |bFisheries and Oceans Canada |cc2004. |
| 300 | |a41p.|bfigs., references, tables |
| 490 | 1 |aCanadian technical report of fisheries and aquatic sciences|x1488-5379|vNo. 2528 |
| 500 | |aThe catalogue number and ISSN for the print edition appear in this electronic version. |
| 590 | |a12-37-Supp|b2012-09-24 |
| 720 | 1 |aCott, Peter A. |
| 830 | #0|aCanadian technical report of fisheries and aquatic sciences,|x1488-5379|vNo. 2528|w(CaOODSP)9.504449 |
| 856 | 40|ahttp://publications.gc.ca|qPDF|s10,620 KB|uhttps://publications.gc.ca/collections/collection_2012/mpo-dfo/Fs97-6-2528-eng.pdf|yNo. 2528 |